| 000 | 00343nam a22001337a 4500 | ||
|---|---|---|---|
| 999 |
_c8003 _d8001 |
||
| 005 | 20220329174957.0 | ||
| 008 | 220329b ||||| |||| 00| 0 eng d | ||
| 100 |
_aBCIT _97279 |
||
| 245 | _aINDIAN BAR REVIEW [VOL-46] [1] 2019 | ||
| 260 |
_aNEW DELHI _bBAR COUNCIL OF INDIA TRUST _c2019 |
||
| 300 | _a264;p | ||
| 650 |
_aLAW _95701 |
||
| 942 | _cJRL | ||